| 000 | 00435nam a2200169Ia 4500 | ||
|---|---|---|---|
| 005 | 20250423101505.0 | ||
| 008 | 250422s9999 xx 000 0 und d | ||
| 020 | _a9780307345622 | ||
| 050 | _aHD 1382.5 .C76/ | ||
| 100 | _aCrook, David | ||
| 245 | 4 | _aThe wall street journal : complete real-estate investment guide book | |
| 260 | _aNew York | ||
| 260 | _bThree Rivers Press | ||
| 260 | _c2006 | ||
| 300 | _a241 p | ||
| 942 | _cBK | ||
| 999 |
_c36436 _d36436 |
||